ESTRUCTURALISMO Y PSICOLOGIA/

Salvato in:
Dettagli Bibliografici
Altri autori: Castorina, José Antonio (autor) (autor)
Natura: Libro
Serie:EL PENSAMIENTO ESTRUCTURALISTA; 12
Soggetti:
Tags: Aggiungi Tag
Nessun Tag, puoi essere il primo ad aggiungerne!!

MARC

LEADER 00000nam^a2200000^a^4500
001 000217621
005 20250521000000.0
009 20260310103727.499
035 |a 015424 
037 |a Acervo Xavier Clavigero 
082 |a 150.  |b EST 
245 1 0 |a ESTRUCTURALISMO Y PSICOLOGIA/  |c JOSE A. CASTORINA ...[ ET. AL.] 
264 |a Buenos Aires, Argentina :  |b Nueva Visión,  |c 1970 
300 |a 195p. 
336 |a texto  |b txt  |2 rdacontenido 
337 |a sin mediación  |b n  |2 rdamedio 
338 |a volumen  |b nc  |2 rdasoporte 
440 |a EL PENSAMIENTO ESTRUCTURALISTA;  |v 12 
649 |a XX 
650 |a PSICOLOGIA 
650 |a Estructuralismo 
700 |a Castorina, José Antonio  |e (autor) 
910 |a Fondo General 
920 |a Impresos - Libros 
930 |a Colección General 
905 |a 101 
901 |a 015424  |b IT1  |c ACC  |i 015424  |u 20250521 
902 |a https://opac.biblio.iteso.mx/vufind/Record/000217621